[Event "POR-chT"]
[Site "Lisbon"]
[Date "1998.05.09"]
[Round "4"]
[White "Neto, Horacio"]
[Black "Antunes, Antonio"]
[Result "0-1"]
[WhiteElo "2175"]
[BlackElo "2495"]
[PlyCount "80"]
[EventDate "1998.??.??"]
[EventType "team"]
[EventRounds "9"]
[EventCountry "POR"]
[SourceTitle "EXT 1999"]
[Source "ChessBase"]
[SourceDate "1998.11.16"]
[SourceVersion "1"]
[SourceVersionDate "1998.11.16"]
[SourceQuality "1"]

1. Nf3 d5 2. d4 Nf6 3. c4 c6 4. cxd5 cxd5 5. Nc3 Nc6 6. Bf4 a6 7. e3 Bg4 8. h3 Bxf3 9. Qxf3 e6 10. Be2 Be7 11. 0-0 0-0 12. Rac1 Rc8 13. Rfd1 Qb6 14. Rc2 Nb4 15. Rcd2 Qa7 16. a3 Nc6 17. Bd3 Na5 18. Rc2 Nc4 19. Rdc1 b5 20. Be5 Nd7 21. Bf4 Nf6 22. Be5 Nd7 23. Bf4 Bf6 24. h4 Qb7 25. Bg5 Qb6 26. Ne2 Nd6 27. Rxc8 Rxc8 28. Rxc8+ Nxc8 29. Bxf6 Nxf6 30. Nf4 Nd6 31. h5 h6 32. Qd1 Qc6 33. b3 Qc3 34. Ne2 Qb2 35. a4 Nxh5 36. axb5 axb5 37. g3 Nf6 38. Bc2 Nde4 39. Qd3 Qa1+ 40. Kg2 Qe1 0-1

[Event "EU-chT (Men) 11th"]
[Site "Pula"]
[Date "1997.05.??"]
[Round "1.1"]
[White "Antunes, Antonio"]
[Black "Hracek, Zbynek"]
[Result "1/2-1/2"]
[WhiteElo "2510"]
[BlackElo "2630"]
[PlyCount "47"]
[EventDate "1997.05.05"]
[EventType "team-swiss"]
[EventRounds "9"]
[EventCountry "CRO"]
[SourceTitle "CBM 057 Extra"]
[Source "ChessBase"]
[SourceDate "1997.05.01"]
[SourceVersion "1"]
[SourceVersionDate "1997.05.01"]
[SourceQuality "1"]
[WhiteTeam "Portugal"]
[BlackTeam "Czech Republic"]
[WhiteTeamCountry "POR"]
[BlackTeamCountry "CZE"]

1. d4 Nf6 2. Nf3 e6 3. c4 c5 4. d5 exd5 5. cxd5 d6 6. Nc3 g6 7. Nd2 Bg7 8. e4 0-0 9. Be2 Nbd7 10. 0-0 Qe7 11. a4 Ne5 12. Re1 g5 13. Nf1 h6 14. Ng3 Ng6 15. Bf1 a6 16. Bd2 Qe5 17. Qc2 Bd7 18. a5 Rae8 19. Nd1 Qe7 20. Ne3 Nh4 21. Bc3 Ng4 22. Bxg7 Kxg7 23. Qc3+ Ne5 24. Be2 1/2-1/2

[Event "EU-chT (Men) 11th"]
[Site "Pula"]
[Date "1997.05.??"]
[Round "5.1"]
[White "Cummings, David H"]
[Black "Antunes, Antonio"]
[Result "1-0"]
[WhiteElo "2375"]
[BlackElo "2510"]
[PlyCount "91"]
[EventDate "1997.05.05"]
[EventType "team-swiss"]
[EventRounds "9"]
[EventCountry "CRO"]
[SourceTitle "CBM 057 Extra"]
[Source "ChessBase"]
[SourceDate "1997.05.01"]
[SourceVersion "1"]
[SourceVersionDate "1997.05.01"]
[SourceQuality "1"]
[WhiteTeam "Wales"]
[BlackTeam "Portugal"]
[WhiteTeamCountry "WLS"]
[BlackTeamCountry "POR"]

1. Nf3 d5 2. g3 c6 3. Bg2 Nf6 4. 0-0 Bg4 5. d4 e6 6. Nbd2 Nbd7 7. b3 Be7 8. Bb2 0-0 9. Re1 a5 10. c4 b5 11. e4 a4 12. e5 Ne8 13. cxb5 cxb5 14. Nf1 Nc7 15. Ne3 Bh5 16. Qd2 Nb6 17. Bc3 Na6 18. Ba5 Qb8 19. Rec1 Qb7 20. Ne1 axb3 21. axb3 Bg6 22. Nd3 Bxd3 23. Qxd3 Nc8 24. Bd2 Na7 25. h4 Nc6 26. Ng4 Nab4 27. Bxb4 Nxb4 28. Qd2 Rxa1 29. Rxa1 Ra8 30. Rxa8+ Qxa8 31. Bf1 Qa1 32. Kg2 Nc6 33. Bxb5 Nxd4 34. Ba4 Nf5 35. h5 h6 36. Bb5 Nd4 37. Bd3 Nxb3 38. Nxh6+ Kf8 39. Qf4 gxh6 40. Qxh6+ Ke8 41. Qh8+ Kd7 42. Qb8 Nd4 43. h6 Qd1 44. Qa7+ Ke8 45. Qxd4 Qh5 46. Qa4+ 1-0

[Event "POR-chT"]
[Site "Portugal"]
[Date "1997.??.??"]
[Round "?"]
[White "Antunes, Antonio"]
[Black "Morais, Vitor Mestre"]
[Result "1-0"]
[WhiteElo "2510"]
[BlackElo "2180"]
[PlyCount "89"]
[EventDate "1997.??.??"]
[EventType "team"]
[EventRounds "2"]
[EventCountry "POR"]
[SourceTitle "EXT 2001"]
[Source "ChessBase"]
[SourceDate "2000.11.22"]
[SourceVersion "1"]
[SourceVersionDate "2000.11.22"]
[SourceQuality "1"]

1. d4 Nf6 2. Nf3 d6 3. c4 g6 4. g3 Bg7 5. Bg2 0-0 6. 0-0 Nc6 7. Nc3 a6 8. d5 Na5 9. Nd2 c5 10. Qc2 Rb8 11. b3 b5 12. Bb2 Bh6 13. f4 Ng4 14. Nd1 bxc4 15. h3 cxb3 16. axb3 Nf6 17. Bc3 Nb7 18. Rxa6 e6 19. dxe6 fxe6 20. Ne3 Bg7 21. g4 Ne8 22. Bxg7 Nxg7 23. Nec4 Ne8 24. Qd3 Qe7 25. Ra7 d5 26. Ne5 Qc7 27. Kh1 Ned6 28. e4 d4 29. g5 Bd7 30. Nxd7 Qxd7 31. e5 Nb5 32. Ra6 Nc3 33. Qc4 Nd5 34. Rxe6 Ne3 35. Re7+ Nxc4 36. Rxd7 Nxd2 37. Rf2 Na5 38. Rxd2 Nxb3 39. Bd5+ Kh8 40. Rb2 Nc1 41. Rxb8 Rxb8 42. e6 d3 43. e7 d2 44. Bc4 Re8 45. Rxd2 1-0

[Event "Tunis op"]
[Site "Tunis"]
[Date "1997.??.??"]
[Round "7"]
[White "Bischoff, Klaus"]
[Black "Antunes, Antonio"]
[Result "1-0"]
[WhiteElo "2535"]
[BlackElo "2490"]
[PlyCount "146"]
[EventDate "1997.??.??"]
[EventType "swiss"]
[EventRounds "9"]
[EventCountry "TUN"]
[SourceTitle "EXT 1999"]
[Source "ChessBase"]
[SourceDate "1998.11.16"]
[SourceVersion "1"]
[SourceVersionDate "1998.11.16"]
[SourceQuality "1"]

1. Nf3 d5 2. c4 c6 3. e3 Nf6 4. Nc3 e6 5. d4 Nbd7 6. Qc2 Bd6 7. Be2 0-0 8. b3 a6 9. Bb2 e5 10. 0-0-0 exd4 11. Rxd4 Qe7 12. cxd5 cxd5 13. Kb1 Nb6 14. Rc1 Bg4 15. Rdd1 Rac8 16. Nd4 Be6 17. Bf3 Ba3 18. Bxa3 Qxa3 19. Qb2 Qe7 20. h3 Rfd8 21. Nce2 Nbd7 22. Rxc8 Rxc8 23. Rc1 Rxc1+ 24. Qxc1 Ne5 25. Ng3 Nxf3 26. Nxf3 h6 27. Nd4 Qd6 28. Nge2 Bd7 29. f3 Qh2 30. Qg1 Qe5 31. Qf2 Bf5+ 32. Kb2 Bd7 33. Nf4 Bb5 34. h4 Kh8 35. a4 Bd7 36. Qd2 Kg8 37. Qf2 Kh8 38. Nd3 Qe7 39. Qe1 Kg8 40. Nf4 Qe5 41. Qd2 b6 42. Kc1 a5 43. g4 Kf8 44. Qc3 Kg8 45. Nde2 Qd6 46. Kb2 g5 47. hxg5 hxg5 48. Nd3 b5 49. axb5 Bxb5 50. Nd4 Bxd3 51. Qxd3 Nd7 52. Qc3 Qh2+ 53. Ka3 Qd6+ 54. Ka4 Qb6 55. Nf5 Nc5+ 56. Ka3 Ne6 57. Qd2 Qc5+ 58. Kb2 a4 59. bxa4 Qb6+ 60. Kc1 Qc5+ 61. Qc2 Qa3+ 62. Kd2 d4 63. Nxd4 Nxd4 64. exd4 Qxf3 65. Qf5 Qg2+ 66. Ke3 Qg1+ 67. Ke4 Qe1+ 68. Kd3 Qd1+ 69. Kc3 Qxa4 70. Qxg5+ Kh7 71. Qf5+ Kg7 72. Qg5+ Kh7 73. Qd5 Qa1+ 1-0

[Event "POR-chT"]
[Site "Portugal"]
[Date "1997.??.??"]
[Round "?"]
[White "Pinho, Paulo Miguel"]
[Black "Antunes, Antonio"]
[Result "0-1"]
[WhiteElo "2150"]
[BlackElo "2510"]
[PlyCount "100"]
[EventDate "1997.??.??"]
[EventType "team"]
[EventRounds "2"]
[EventCountry "POR"]
[SourceTitle "EXT 2001"]
[Source "ChessBase"]
[SourceDate "2000.11.22"]
[SourceVersion "1"]
[SourceVersionDate "2000.11.22"]
[SourceQuality "1"]

1. d4 d5 2. c4 c6 3. Nf3 Nf6 4. g3 Bg4 5. Ne5 Bh5 6. Nc3 e6 7. Bg2 Nbd7 8. Nxd7 Qxd7 9. Qb3 Be7 10. 0-0 0-0 11. Bf4 dxc4 12. Qxc4 Nd5 13. Bc1 Rfd8 14. e3 Rac8 15. Ne4 b5 16. Qc2 Nb4 17. Qc3 Bg6 18. a3 Nd5 19. Qe1 Nf6 20. Nxf6+ Bxf6 21. Qb4 h6 22. a4 Bd3 23. Re1 a6 24. Qa3 Bg6 25. Bd2 e5 26. Ba5 Re8 27. dxe5 Bxe5 28. Bb4 Qe6 29. Rac1 Qf6 30. Bc3 c5 31. Bxe5 Qxe5 32. Bb7 b4 33. Qb3 Be4 34. Bxa6 Qf5 35. Be2 Re6 36. Rf1 Bd5 37. Qc2 Qh3 38. f3 Rxe3 39. Qd2 Rce8 40. Rf2 Qe6 41. Bb5 Rc8 42. Kg2 c4 43. Bd7 Qxd7 44. Qxe3 Qxa4 45. Qb6 Qb3 46. Qd4 Be6 47. Re2 Bf5 48. Re3 c3 49. Re2 Rc4 50. Qe3 cxb2 0-1

[Event "POR-chT"]
[Site "Portugal"]
[Date "1997.??.??"]
[Round "?"]
[White "Santos, Luis M"]
[Black "Antunes, Antonio"]
[Result "0-1"]
[WhiteElo "2370"]
[BlackElo "2510"]
[PlyCount "140"]
[EventDate "1997.??.??"]
[EventType "team"]
[EventRounds "2"]
[EventCountry "POR"]
[SourceTitle "EXT 2001"]
[Source "ChessBase"]
[SourceDate "2000.11.22"]
[SourceVersion "1"]
[SourceVersionDate "2000.11.22"]
[SourceQuality "1"]

1. d4 d5 2. Nf3 Nf6 3. c4 c6 4. e3 Bf5 5. Nc3 e6 6. Nh4 Bg6 7. Nxg6 hxg6 8. Bd3 Nbd7 9. 0-0 Bd6 10. h3 Qe7 11. Re1 0-0 12. Bd2 Rad8 13. c5 Bb8 14. f4 Nh5 15. Qf3 f5 16. Re2 Nhf6 17. Qg3 Kf7 18. Rf2 Rh8 19. Be2 Rh6 20. b4 Rdh8 21. Qf3 Ne4 22. Nxe4 dxe4 23. Qg3 g5 24. Qxg5 Nf6 25. Qg3 Rg6 26. Qh2 Ng4 27. Bxg4 fxg4 28. g3 Rxh3 29. Qg2 Rgh6 30. Rc1 Qd8 31. Qxe4 Rxg3+ 32. Kf1 Qd5 33. Qxd5 exd5 34. Rg2 Rh1+ 35. Kf2 Rxg2+ 36. Kxg2 Rxc1 37. Bxc1 Ke6 38. Kg3 Kf5 39. Kh4 Bc7 40. Kg3 b6 41. Bd2 bxc5 42. bxc5 Bd8 43. Be1 Bf6 44. Ba5 g5 45. Bc7 gxf4+ 46. Bxf4 Bd8 47. Bh6 Ba5 48. Kf2 Bc7 49. Bf8 Ke4 50. Bd6 Ba5 51. Ke2 Bd8 52. Bf4 Bh4 53. Bh6 Bf6 54. Kf2 Bh4+ 55. Ke2 Bg3 56. Bg5 a6 57. Bh6 Bc7 58. Bf8 Ba5 59. Bd6 Bc3 60. Be5 Bb2 61. Kd2 Kf3 62. Kd3 Bc1 63. e4 dxe4+ 64. Kc2 Bg5 65. d5 cxd5 66. c6 Bd8 67. c7 Bxc7 68. Bxc7 g3 69. Kd2 Kf2 70. Bb6+ Kf1 0-1

[Event "POR SuperCup"]
[Site "Lisbon"]
[Date "1997.??.??"]
[Round "?"]
[White "Strikovic, Aleksa"]
[Black "Antunes, Antonio"]
[Result "1-0"]
[WhiteElo "2555"]
[BlackElo "2510"]
[PlyCount "87"]
[EventDate "1997.??.??"]
[EventType "team"]
[EventRounds "2"]
[EventCountry "POR"]
[SourceTitle "EXT 2001"]
[Source "ChessBase"]
[SourceDate "2000.11.22"]
[SourceVersion "1"]
[SourceVersionDate "2000.11.22"]
[SourceQuality "1"]

1. e4 c5 2. Nf3 Nc6 3. d4 cxd4 4. Nxd4 g6 5. c4 Nf6 6. Nc3 d6 7. Be2 Nxd4 8. Qxd4 Bg7 9. Be3 0-0 10. Qd2 Be6 11. 0-0 a6 12. f3 Qa5 13. Rab1 Rfc8 14. b4 Qd8 15. Na4 Nd7 16. c5 a5 17. cxd6 axb4 18. Rxb4 exd6 19. a3 Qa5 20. f4 Nc5 21. f5 Nxe4 22. Rxe4 Qxd2 23. Bxd2 Bxf5 24. Rb4 Rc2 25. Rd1 d5 26. Nb6 Rxa3 27. Nxd5 Bf8 28. Rc4 Raa2 29. Rxc2 Bxc2 30. Re1 Bc5+ 31. Be3 Bxe3+ 32. Nxe3 Be4 33. Bc4 Ra3 34. Ng4 Bd3 35. Bd5 b5 36. Re7 Ra1+ 37. Kf2 Rf1+ 38. Kg3 Bc4 39. Bxc4 bxc4 40. Rc7 Rc1 41. Nh6+ Kg7 42. Nxf7 c3 43. Nd6+ Kh6 44. Nb5 1-0

[Event "Olympiad-32"]
[Site "Yerevan"]
[Date "1996.09.16"]
[Round "1.1"]
[White "Battin, Richard"]
[Black "Antunes, Antonio"]
[Result "0-1"]
[WhiteElo "2130"]
[BlackElo "2540"]
[PlyCount "60"]
[EventDate "1996.09.15"]
[EventType "team-swiss"]
[EventRounds "14"]
[EventCountry "ARM"]
[SourceTitle "CBM 055"]
[Source "ChessBase"]
[SourceDate "1996.12.01"]
[SourceVersion "1"]
[SourceVersionDate "1996.12.01"]
[SourceQuality "1"]
[WhiteTeam "Seychelles"]
[BlackTeam "Portugal"]
[WhiteTeamCountry "SEY"]
[BlackTeamCountry "POR"]

1. e4 c5 2. Nf3 Nc6 3. d4 cxd4 4. Nxd4 g6 5. Be3 Nf6 6. Nc3 Bg7 7. Be2 0-0 8. Qd2 d5 9. exd5 Nxd5 10. Nxc6 bxc6 11. Rd1 Qc7 12. Nxd5 cxd5 13. c3 Bb7 14. Bh6 e5 15. h4 Qe7 16. Bxg7 Kxg7 17. Qg5 f6 18. Qg3 f5 19. 0-0 f4 20. Qh3 h5 21. Rfe1 Rad8 22. Bf1 e4 23. Qd3 Qxh4 24. Qd4+ Kh6 25. Qxa7 Ba8 26. Qc7 d4 27. Rxd4 Rxd4 28. cxd4 e3 29. Re2 f3 30. Rxe3 fxg2 0-1

[Event "Hoogovens-B"]
[Site "Wijk aan Zee"]
[Date "1996.01.26"]
[Round "9"]
[White "Van de Mortel, Jan"]
[Black "Antunes, Antonio"]
[Result "1/2-1/2"]
[WhiteElo "2315"]
[BlackElo "2545"]
[PlyCount "31"]
[EventDate "1996.01.16"]
[EventType "tourn"]
[EventRounds "11"]
[EventCountry "NED"]
[EventCategory "10"]
[SourceTitle "CBM 052"]
[Source "ChessBase"]
[SourceDate "1996.06.01"]
[SourceVersion "1"]
[SourceVersionDate "1996.06.01"]
[SourceQuality "1"]

1. d4 d5 2. Nf3 Nf6 3. Bf4 c5 4. e3 Nc6 5. c3 Qb6 6. Qb3 c4 7. Qc2 Bf5 8. Qc1 e6 9. Nbd2 h6 10. Be2 Rd8 11. 0-0 Be7 12. b3 cxb3 13. axb3 0-0 14. Ne5 Nxe5 15. Bxe5 a6 16. c4 1/2-1/2

[Event "Hoogovens-B"]
[Site "Wijk aan Zee"]
[Date "1996.01.25"]
[Round "8"]
[White "Antunes, Antonio"]
[Black "Gretarsson, Helgi Ass"]
[Result "0-1"]
[WhiteElo "2545"]
[BlackElo "2450"]
[PlyCount "148"]
[EventDate "1996.01.16"]
[EventType "tourn"]
[EventRounds "11"]
[EventCountry "NED"]
[EventCategory "10"]
[SourceTitle "CBM 052"]
[Source "ChessBase"]
[SourceDate "1996.06.01"]
[SourceVersion "1"]
[SourceVersionDate "1996.06.01"]
[SourceQuality "1"]

1. Nf3 Nf6 2. c4 c6 3. d4 d5 4. Qb3 dxc4 5. Qxc4 Bf5 6. g3 Nbd7 7. Bg2 e6 8. 0-0 Nb6 9. Qb3 Qd5 10. Nbd2 Qxb3 11. Nxb3 Be4 12. Bg5 Be7 13. Rfc1 0-0-0 14. Nbd2 Bg6 15. Ne5 Nfd5 16. Bxe7 Nxe7 17. e3 Kb8 18. Ne4 Bxe4 19. Bxe4 Rhf8 20. h4 Nd7 21. Nd3 Nf6 22. Bg2 Nf5 23. Rab1 Nd6 24. b4 Rfe8 25. Rb3 Re7 26. a4 Nd5 27. Nc5 Rc7 28. Kh2 Re7 29. Nd3 Rc7 30. Ne5 Nf6 31. Kg1 Nd7 32. Nd3 Nf6 33. f3 Nd5 34. Kf2 Re7 35. Bf1 Rc7 36. Nc5 Re7 37. e4 Nc7 38. Rbc3 Nce8 39. g4 h6 40. Rb3 Rc7 41. Be2 Ka8 42. Rbc3 Nc8 43. Ke3 Ne7 44. f4 b6 45. Nb3 f5 46. Bc4 Nf6 47. Bxe6 fxe4 48. Kf2 Rd6 49. f5 Nxg4+ 50. Ke2 g6 51. Rf1 Nf6 52. b5 Kb7 53. bxc6+ Rcxc6 54. Rxc6 Rxc6 55. Nd2 Rd6 56. Ke3 gxf5 57. Bxf5 Ned5+ 58. Ke2 Nc3+ 59. Ke1 Rxd4 60. Bc8+ Kxc8 61. Rxf6 e3 62. Rc6+ Kd7 63. Rxc3 exd2+ 64. Kd1 Rxa4 65. h5 Rd4 66. Rg3 Kc6 67. Rc3+ Kb5 68. Rb3+ Kc4 69. Ra3 a5 70. Ra4+ Kc5 71. Ra3 a4 72. Rg3 Rd6 73. Rg8 b5 74. Rc8+ Kb4 0-1

[Event "Hoogovens-B"]
[Site "Wijk aan Zee"]
[Date "1996.01.18"]
[Round "3"]
[White "Antunes, Antonio"]
[Black "Nijboer, Friso"]
[Result "1-0"]
[WhiteElo "2545"]
[BlackElo "2475"]
[PlyCount "53"]
[EventDate "1996.01.16"]
[EventType "tourn"]
[EventRounds "11"]
[EventCountry "NED"]
[EventCategory "10"]
[SourceTitle "CBM 052"]
[Source "ChessBase"]
[SourceDate "1996.06.01"]
[SourceVersion "1"]
[SourceVersionDate "1996.06.01"]
[SourceQuality "1"]

1. Nf3 Nf6 2. c4 c5 3. g3 d5 4. cxd5 Nxd5 5. Bg2 Nc6 6. d4 Nb6 7. dxc5 Qxd1+ 8. Kxd1 Na4 9. Nc3 Nxc5 10. Be3 e5 11. Kd2 Be6 12. Rhc1 Be7 13. Ke1 0-0 14. Ng5 Bxg5 15. Bxg5 Nd7 16. Nb5 Rab8 17. b3 a5 18. Nd6 f6 19. Bd2 a4 20. bxa4 Ne7 21. Rc7 b6 22. Bb4 Rfd8 23. Rd1 Nf5 24. Nxf5 Bxf5 25. Be7 Rdc8 26. Rdxd7 Bxd7 27. Bd5+ 1-0

[Event "Mondariz op"]
[Site "Mondariz"]
[Date "1996.??.??"]
[Round "?"]
[White "Antunes, Antonio"]
[Black "Estremera Panos, Sergio"]
[Result "1-0"]
[WhiteElo "2540"]
[BlackElo "2345"]
[PlyCount "117"]
[EventDate "1996.07.??"]
[EventType "swiss"]
[EventRounds "9"]
[EventCountry "ESP"]
[SourceTitle "EXT 1998"]
[Source "ChessBase"]
[SourceDate "1997.11.17"]
[SourceVersion "1"]
[SourceVersionDate "1997.11.17"]
[SourceQuality "1"]

1. Nf3 Nf6 2. c4 e6 3. g3 b6 4. Bg2 Bb7 5. 0-0 Be7 6. Nc3 0-0 7. d4 Ne4 8. Bd2 f5 9. d5 Na6 10. Nd4 Bf6 11. Ndb5 Nac5 12. Rc1 c6 13. Nxe4 Nxe4 14. Bxe4 cxb5 15. Bg2 bxc4 16. Rxc4 Bxd5 17. Bxd5 exd5 18. Rc2 Qe7 19. Be3 Qe6 20. b3 Be5 21. Bd4 f4 22. Bxe5 Qxe5 23. Qd3 fxg3 24. hxg3 Rf5 25. Rfc1 Raf8 26. f4 Qe6 27. Rc8 Rxc8 28. Rxc8+ Rf8 29. Rc2 h6 30. Rd2 Rf5 31. e3 Rh5 32. Qe2 Qg6 33. Qf3 Kh7 34. Rd1 Rf5 35. Kg2 Qe6 36. g4 Rf8 37. Rxd5 Rc8 38. Rd2 Rc3 39. Kf2 Qc6 40. Qxc6 dxc6 41. Kf3 Kg6 42. Rd7 a5 43. Rb7 b5 44. Ra7 a4 45. bxa4 Ra3 46. Ra6 Rxa4 47. Rxc6+ Kf7 48. Rb6 b4 49. f5 Ke7 50. e4 Rxa2 51. Rxb4 Kf6 52. Rb6+ Ke5 53. Re6+ Kd4 54. Re7 Ra1 55. Rxg7 Rf1+ 56. Kg2 Rf4 57. Kg3 Rf1 58. Rg6 Kxe4 59. Re6+ 1-0

[Event "Benasque op 16th"]
[Site "Benasque"]
[Date "1996.??.??"]
[Round "9"]
[White "Antunes, Antonio"]
[Black "Lalic, Susan"]
[Result "1-0"]
[WhiteElo "2540"]
[BlackElo "2365"]
[PlyCount "55"]
[EventDate "1996.07.??"]
[EventType "swiss"]
[EventRounds "9"]
[EventCountry "ESP"]
[SourceTitle "CBM 053 Extra"]
[Source "ChessBase"]
[SourceDate "1996.09.01"]
[SourceVersion "1"]
[SourceVersionDate "1996.09.01"]
[SourceQuality "1"]

1. Nf3 e6 2. c4 d5 3. d4 c5 4. g3 Nc6 5. Bg2 Nf6 6. 0-0 Be7 7. dxc5 Bxc5 8. a3 0-0 9. b4 Bb6 10. Bb2 Qe7 11. Nbd2 Rd8 12. Qc2 e5 13. cxd5 Nxd5 14. Rad1 Nd4 15. Nxd4 Bxd4 16. Nc4 Nb6 17. Nxe5 Bf5 18. Qxf5 Bxb2 19. Rxd8+ Rxd8 20. Nd3 Bxa3 21. Qa5 Nc4 22. Qxa7 Qxe2 23. Nf4 Qd2 24. Bd5 Rxd5 25. Nxd5 h5 26. Qxb7 Qe2 27. Nf4 Qg4 28. Qa8+ 1-0

[Event "Mondariz op"]
[Site "Mondariz"]
[Date "1996.??.??"]
[Round "?"]
[White "Antunes, Antonio"]
[Black "Sion Castro, Marcelino"]
[Result "1-0"]
[WhiteElo "2540"]
[BlackElo "2415"]
[PlyCount "87"]
[EventDate "1996.07.??"]
[EventType "swiss"]
[EventRounds "9"]
[EventCountry "ESP"]
[SourceTitle "EXT 1998"]
[Source "ChessBase"]
[SourceDate "1997.11.17"]
[SourceVersion "1"]
[SourceVersionDate "1997.11.17"]
[SourceQuality "1"]

1. Nf3 Nf6 2. c4 c5 3. g3 b6 4. Bg2 Bb7 5. 0-0 g6 6. Nc3 Bg7 7. d4 cxd4 8. Qxd4 Nc6 9. Qf4 Rc8 10. Rb1 0-0 11. Rd1 Qe8 12. Qh4 Nd8 13. b3 Rc5 14. Qf4 Ne6 15. Qe3 Rh5 16. Bb2 Qa8 17. h3 Bh6 18. Qd3 Ng5 19. Nd5 Bxd5 20. cxd5 Nxh3+ 21. Bxh3 Rxh3 22. Kg2 Rh5 23. Bxf6 exf6 24. g4 Re5 25. Nxe5 fxe5 26. Qg3 Bf4 27. Qh4 f6 28. e3 Bg5 29. Qg3 Rc8 30. Rb2 Rc3 31. Qf3 Qc8 32. d6 Rc5 33. Rdd2 Kg7 34. Qe4 Qf8 35. Rbc2 f5 36. gxf5 gxf5 37. Qb7 Qf7 38. Rxc5 bxc5 39. Qf3 Qg6 40. Kf1 e4 41. Qg3 Qh5 42. Rd5 Kg6 43. Kg2 Qe2 44. Qh3 1-0

[Event "Ibercaja op-A"]
[Site "Zaragoza"]
[Date "1996.??.??"]
[Round "9"]
[White "Antunes, Antonio"]
[Black "Ubilava, Elizbar"]
[Result "0-1"]
[WhiteElo "2545"]
[BlackElo "2535"]
[PlyCount "120"]
[EventDate "1996.04.??"]
[EventType "swiss"]
[EventRounds "9"]
[EventCountry "ESP"]
[SourceTitle "EXT 1997"]
[Source "ChessBase"]
[SourceDate "1996.11.15"]
[SourceVersion "1"]
[SourceVersionDate "1996.11.15"]
[SourceQuality "1"]

1. Nf3 g6 2. g3 Bg7 3. d4 d6 4. Bg2 Nc6 5. 0-0 Bg4 6. d5 Ne5 7. Nxe5 Bxe5 8. Nd2 Qd7 9. c4 h5 10. Nf3 h4 11. Nxh4 Bh3 12. f4 Bf6 13. Nf3 Bxg2 14. Kxg2 Qh3+ 15. Kg1 Nh6 16. e3 0-0-0 17. Qe2 e6 18. Bd2 Rde8 19. Rac1 Nf5 20. Bc3 Bxc3 21. Rxc3 e5 22. fxe5 dxe5 23. Qg2 Qg4 24. Nd2 e4 25. Rf4 Qd1+ 26. Nf1 Re5 27. Qc2 Nxe3 28. Qd2 Qxd2 29. Nxd2 Nd1 30. Rc1 Nxb2 31. Rxf7 e3 32. Nf3 Re4 33. c5 Nd3 34. Rc3 Ne5 35. Nxe5 Rxe5 36. Rf1 Rxd5 37. c6 e2 38. Re1 Rd1 39. Rc1 Rxc1 40. Rxc1 Rd8 41. cxb7+ Kxb7 42. Re1 Rd2 43. a3 Ra2 44. Kf2 Rxa3 45. Rxe2 Rb3 46. h4 a5 47. Re4 Rb4 48. Re5 a4 49. Ke2 a3 50. Ra5 Rb2+ 51. Ke3 Rb3+ 52. Kf4 Kb6 53. Ra8 Kb5 54. Rb8+ Kc4 55. Ra8 Kc3 56. Rc8 a2 57. Rxc7+ Kb2 58. Rg7 Ra3 59. Rb7+ Kc2 60. Rc7+ Kd2 0-1

[Event "Ibercaja op-A"]
[Site "Zaragoza"]
[Date "1996.??.??"]
[Round "3"]
[White "Antunes, Antonio"]
[Black "Wahls, Matthias"]
[Result "1-0"]
[WhiteElo "2545"]
[BlackElo "2555"]
[PlyCount "181"]
[EventDate "1996.04.??"]
[EventType "swiss"]
[EventRounds "9"]
[EventCountry "ESP"]
[SourceTitle "EXT 1997"]
[Source "ChessBase"]
[SourceDate "1996.11.15"]
[SourceVersion "1"]
[SourceVersionDate "1996.11.15"]
[SourceQuality "1"]

1. Nf3 d6 2. d4 Nf6 3. g3 g6 4. Bg2 Bg7 5. c4 0-0 6. 0-0 Nc6 7. Nc3 Bf5 8. b3 e5 9. d5 Ne7 10. Ne1 Bd7 11. e4 Ne8 12. Nd3 f5 13. Bd2 Nf6 14. Rc1 fxe4 15. Nxe4 Nxe4 16. Bxe4 Nf5 17. Bc3 g5 18. c5 Qe7 19. Bb2 Rac8 20. b4 Kh8 21. a4 a6 22. Qb3 Qe8 23. c6 bxc6 24. dxc6 Be6 25. Bd5 Rf6 26. Rfe1 Qg6 27. Bxe6 Rxe6 28. b5 axb5 29. axb5 e4 30. Bxg7+ Kxg7 31. Qc4 Rce8 32. Nb4 Qh5 33. Qe2 g4 34. Qb2+ Kf7 35. Nc2 Rh6 36. h4 Nxh4 37. Qb3+ Kg7 38. gxh4 Qxh4 39. Kf1 Rf8 40. Qe3 g3 41. Qd4+ Kg6 42. Rxe4 Rxf2+ 43. Qxf2 Qh1+ 44. Ke2 Qxe4+ 45. Qe3 Rh2+ 46. Kd1 Rh1+ 47. Kd2 Rh2+ 48. Kd1 Qd5+ 49. Nd4 Qh1+ 50. Qe1 g2 51. Ne2 Qf1 52. Kd2 Rh1 53. Qg3+ Kf7 54. Re1 h5 55. b6 h4 56. Qb3+ Kg7 57. Qb2+ Kf7 58. Qb1 h3 59. Rxf1+ gxf1Q 60. Qxf1+ Rxf1 61. bxc7 h2 62. Ng3 Rf2+ 63. Ke1 Rg2 64. c8Q Rxg3 65. Qb7+ Kg6 66. c7 Rg1+ 67. Kd2 h1Q 68. Qxh1 Rxh1 69. c8Q Rh6 70. Qg4+ Kf7 71. Qd7+ Kf8 72. Ke3 Rf6 73. Ke4 Kg8 74. Qe7 Rf1 75. Qxd6 Re1+ 76. Kf5 Rf1+ 77. Ke6 Re1+ 78. Kd7 Rg1 79. Qd5+ Kh7 80. Qf5+ Rg6 81. Ke7 Kh8 82. Qh3+ Kg7 83. Qh5 Rh6 84. Qe5+ Kg6 85. Qg3+ Kf5 86. Qf3+ Kg5 87. Qe3+ Kg6 88. Qf4 Rh5 89. Qf6+ Kh7 90. Kf7 Rh1 91. Qg7# 1-0

[Event "POR-CHN"]
[Site "Macau"]
[Date "1996.??.??"]
[Round "10"]
[White "Antunes, Antonio"]
[Black "Ye, Jiangchuan"]
[Result "1/2-1/2"]
[WhiteElo "2545"]
[BlackElo "2560"]
[PlyCount "75"]
[EventDate "1996.??.??"]
[EventType "schev"]
[EventRounds "10"]
[EventCountry "MAC"]
[SourceTitle "EXT 2001"]
[Source "ChessBase"]
[SourceDate "2000.11.22"]
[SourceVersion "1"]
[SourceVersionDate "2000.11.22"]
[SourceQuality "1"]

1. Nf3 Nf6 2. c4 g6 3. g3 Bg7 4. Bg2 0-0 5. d4 d5 6. 0-0 dxc4 7. Na3 Na6 8. Nxc4 c5 9. dxc5 Nxc5 10. Be3 Be6 11. Rc1 Rc8 12. b3 b6 13. Qxd8 Rfxd8 14. Nd4 Ng4 15. Nc6 Nxe3 16. Nxe3 Rd7 17. Rfd1 Kf8 18. Rxd7 Bxd7 19. Nxa7 Rc7 20. b4 Bd4 21. Rc4 e5 22. bxc5 Bxc5 23. Nc6 Bxc6 24. Bxc6 Rxc6 25. Kg2 Ke7 26. Nd5+ Kd6 27. Nf6 h5 28. Kf3 Ke6 29. Ne4 f5 30. Nxc5+ bxc5 31. e4 Kd6 32. Ke3 Ra6 33. a4 Rb6 34. exf5 gxf5 35. Rh4 Rb3+ 36. Kd2 Rb2+ 37. Ke3 Rb3+ 38. Kd2 1/2-1/2

[Event "Ibercaja op-A"]
[Site "Zaragoza"]
[Date "1996.??.??"]
[Round "8"]
[White "Kolev, Atanas"]
[Black "Antunes, Antonio"]
[Result "1/2-1/2"]
[WhiteElo "2510"]
[BlackElo "2545"]
[PlyCount "104"]
[EventDate "1996.04.??"]
[EventType "swiss"]
[EventRounds "9"]
[EventCountry "ESP"]
[SourceTitle "EXT 1997"]
[Source "ChessBase"]
[SourceDate "1996.11.15"]
[SourceVersion "1"]
[SourceVersionDate "1996.11.15"]
[SourceQuality "1"]

1. d4 d5 2. c4 c6 3. Nf3 Nf6 4. Nc3 e6 5. e3 Nbd7 6. Qc2 Bd6 7. Bd2 0-0 8. Bd3 e5 9. cxd5 cxd5 10. Nb5 Bb8 11. dxe5 Nxe5 12. Nxe5 Bxe5 13. Bc3 Qe7 14. 0-0 Bg4 15. Qa4 a6 16. Bxe5 Qxe5 17. Qd4 Qg5 18. f4 Qh5 19. Nc3 Bd7 20. f5 Rfe8 21. Rf4 Bc6 22. Raf1 Rad8 23. a4 Ne4 24. Ne2 Rd6 25. h3 Qh6 26. Rd1 Rd7 27. Rf3 Qf6 28. b3 Re5 29. Qb2 Rxf5 30. Qxf6 Rxf6 31. Bxe4 dxe4 32. Rxd7 Bxd7 33. Rxf6 gxf6 34. a5 Kf8 35. b4 Ke7 36. Kf2 Kd6 37. Nc3 Ke5 38. h4 Be6 39. g3 Bg4 40. Ke1 Bd7 41. Kf2 Bc6 42. Kg2 Kf5 43. Kf2 Kg4 44. Ne2 Bb5 45. Nc3 Bd3 46. Nd5 Kf5 47. Nf4 Bc4 48. Ke1 Bb5 49. Kf2 Ke5 50. Ke1 Bd7 51. Kd2 Be6 52. Ke1 Bc4 1/2-1/2